[Event "Southend Masters"]
[Site "Southend"]
[Date "2024.03.30"]
[Round "6.1"]
[White "Gumularz, Szymon"]
[Black "Cherniaev, Alexander"]
[Result "1-0"]
[WhiteElo "2590"]
[BlackElo "2375"]
[PlyCount "49"]
[EventDate "2024.03.28"]
[EventType "swiss"]
[EventRounds "9"]
[EventCountry "ENG"]
[SourceTitle "BritBase"]
[Source "John Saunders"]
[SourceDate "2024.05.09"]
[SourceVersion "1"]
[SourceVersionDate "2024.05.09"]
[SourceQuality "1"]

1. d4 Nf6 2. Nf3 b6 3. c4 Bb7 4. g3 e6 5. Bg2 Bb4+ 6. Nbd2 a5 7. O-O O-O 8. Nb1
Be7 9. Nc3 Ne4 10. Qc2 Nxc3 11. bxc3 f5 12. Bh3 Qe8 13. Re1 Qh5 14. Bg2 Be4 15.
Qa4 d6 16. Nd2 Bxg2 17. Kxg2 g5 18. Rb1 Qg6 19. Ba3 Na6 20. f3 Qe8 21. Qb5 g4
22. f4 Qxb5 23. cxb5 Nb8 24. e4 Kf7 25. Nc4 1-0

[Event "Southend Masters"]
[Site "Southend"]
[Date "2024.03.30"]
[Round "6.2"]
[White "Fernandez, Daniel Howard"]
[Black "Janik, Igor"]
[Result "1/2-1/2"]
[WhiteElo "2532"]
[BlackElo "2497"]
[PlyCount "50"]
[EventDate "2024.03.28"]
[EventType "swiss"]
[EventRounds "9"]
[EventCountry "ENG"]
[SourceTitle "BritBase"]
[Source "John Saunders"]
[SourceDate "2024.05.09"]
[SourceVersion "1"]
[SourceVersionDate "2024.05.09"]
[SourceQuality "1"]

1. e4 c6 2. d4 d5 3. exd5 cxd5 4. Nf3 Nf6 5. Ne5 g6 6. Bb5+ Nbd7 7. O-O Bg7 8.
Re1 O-O 9. Nf3 Ne4 10. c4 Nd6 11. Bxd7 Bxd7 12. cxd5 Bg4 13. Nc3 Nf5 14. h3
Bxf3 15. Qxf3 Nxd4 16. Qe4 Re8 17. Bf4 Qd7 18. Qd3 e5 19. Be3 a6 20. Rad1 Rad8
21. a4 Qf5 22. Qxf5 gxf5 23. d6 Re6 24. Bxd4 exd4 25. Nd5 Rdxd6 1/2-1/2

[Event "Southend Masters"]
[Site "Southend"]
[Date "2024.03.30"]
[Round "6.3"]
[White "Royal, Shreyas"]
[Black "Petrov, Martin"]
[Result "1-0"]
[WhiteElo "2457"]
[BlackElo "2518"]
[PlyCount "61"]
[EventDate "2024.03.28"]
[EventType "swiss"]
[EventRounds "9"]
[EventCountry "ENG"]
[SourceTitle "BritBase"]
[Source "John Saunders"]
[SourceDate "2024.05.09"]
[SourceVersion "1"]
[SourceVersionDate "2024.05.09"]
[SourceQuality "1"]

1. d4 Nf6 2. c4 e6 3. Nc3 Bb4 4. f3 c5 5. d5 b5 6. e4 O-O 7. e5 Ne8 8. f4 exd5
9. cxd5 d6 10. Nf3 c4 11. a4 dxe5 12. fxe5 Nd7 13. Be2 Nb6 14. Bd2 Bb7 15. d6
f6 16. Nxb5 Bxd2+ 17. Qxd2 fxe5 18. a5 Bxf3 19. Bxf3 e4 20. Be2 Nd7 21. O-O-O
Kh8 22. Nc7 Nc5 23. Qd5 Nd3+ 24. Bxd3 Nxc7 25. Qxc4 exd3 26. dxc7 Rc8 27. Rhf1
Qg5+ 28. Kb1 Rxf1 29. Rxf1 Qe7 30. Qf7 Qd6 31. Qf5 1-0

[Event "Southend Masters"]
[Site "Southend"]
[Date "2024.03.30"]
[Round "6.4"]
[White "Kirk, Ezra"]
[Black "Hollan, Martin"]
[Result "0-1"]
[WhiteElo "2407"]
[BlackElo "2347"]
[PlyCount "88"]
[EventDate "2024.03.28"]
[EventType "swiss"]
[EventRounds "9"]
[EventCountry "ENG"]
[SourceTitle "BritBase"]
[Source "John Saunders"]
[SourceDate "2024.05.09"]
[SourceVersion "1"]
[SourceVersionDate "2024.05.09"]
[SourceQuality "1"]

1. Nf3 c5 2. c4 g6 3. g3 Bg7 4. Bg2 Nc6 5. O-O d6 6. Nc3 e6 7. a3 Nge7 8. b4
O-O 9. e3 cxb4 10. axb4 Nxb4 11. Ba3 Nbc6 12. d4 a6 13. Nd2 b5 14. Bxd6 Qxd6
15. cxb5 Bd7 16. Nce4 Qc7 17. bxc6 Bxc6 18. Qc2 Rfc8 19. Rfc1 Qd8 20. Qb2 Rcb8
21. Qc3 Bd5 22. Bf1 a5 23. Nc5 Rc8 24. Qa3 Bf8 25. Ba6 Rxc5 26. Rxc5 Rxa6 27.
Qd3 Ra8 28. Qc3 Nc6 29. e4 Nxd4 30. Qxd4 Bxc5 31. Qxc5 Bb7 32. Qb5 Qxd2 33.
Qxb7 Qd8 34. Qb5 a4 35. Qb4 Qa5 36. Qxa5 Rxa5 37. Kf1 a3 38. Ra2 f5 39. exf5
exf5 40. Ke2 Kf7 41. Kd3 Ke6 42. Kc4 Ke5 43. f3 h5 44. h3 h4 0-1

[Event "Southend Masters"]
[Site "Southend"]
[Date "2024.03.30"]
[Round "6.5"]
[White "Wong, Jianwen"]
[Black "Kalavannan, Koby"]
[Result "1-0"]
[WhiteElo "2254"]
[BlackElo "2324"]
[PlyCount "75"]
[EventDate "2024.03.28"]
[EventType "swiss"]
[EventRounds "9"]
[EventCountry "ENG"]
[SourceTitle "BritBase"]
[Source "John Saunders"]
[SourceDate "2024.05.09"]
[SourceVersion "1"]
[SourceVersionDate "2024.05.09"]
[SourceQuality "1"]

1. g3 e5 2. c4 c6 3. d4 e4 4. d5 cxd5 5. cxd5 Bb4+ 6. Bd2 e3 7. fxe3 Bxd2+ 8.
Qxd2 Nf6 9. Nc3 O-O 10. d6 Nc6 11. Bg2 b5 12. Nh3 Re8 13. O-O Rb8 14. Nd5 Ng4
15. Nf2 Nge5 16. Ne4 Re6 17. b3 Bb7 18. Nc7 Rh6 19. Rf5 Qf8 20. Raf1 a6 21. Qc3
f6 22. Qd2 Nf7 23. Nc5 Qxd6 24. Qxd6 Nxd6 25. Rd5 f5 26. Rfd1 Rc8 27. Nxb7 Nxb7
28. Nxa6 Ncd8 29. Nb4 Nc5 30. Rxf5 Rf6 31. Rxf6 gxf6 32. Rd6 Rb8 33. Nd3 Nde6
34. Bd5 Kf8 35. Nxc5 Nxc5 36. b4 Na4 37. Rxd7 Nb6 38. Rxh7 1-0

[Event "Southend Masters"]
[Site "Southend"]
[Date "2024.03.30"]
[Round "6.6"]
[White "Gomez Aguirre, Juan Alberto"]
[Black "Lim, Zhuo Ren"]
[Result "1/2-1/2"]
[WhiteElo "2196"]
[BlackElo "2290"]
[PlyCount "34"]
[EventDate "2024.03.28"]
[EventType "swiss"]
[EventRounds "9"]
[EventCountry "ENG"]
[SourceTitle "BritBase"]
[Source "John Saunders"]
[SourceDate "2024.05.09"]
[SourceVersion "1"]
[SourceVersionDate "2024.05.09"]
[SourceQuality "1"]

1. d4 d5 2. c4 dxc4 3. e3 e5 4. Bxc4 exd4 5. exd4 Bd6 6. Nf3 Nf6 7. Qe2+ Qe7 8.
Qxe7+ Bxe7 9. O-O O-O 10. Nc3 Nbd7 11. Re1 Bd6 12. Bg5 h6 13. Bh4 Nb6 14. Bb3
a5 15. Bxf6 gxf6 16. Ne4 a4 17. Bc2 Kg7 1/2-1/2

[Event "Southend Masters"]
[Site "Southend"]
[Date "2024.03.30"]
[Round "6.8"]
[White "Badacsonyi, Frankie"]
[Black "Agdelen, Huseyin Can"]
[Result "1/2-1/2"]
[WhiteElo "2160"]
[BlackElo "2408"]
[PlyCount "26"]
[EventDate "2024.03.28"]
[EventType "swiss"]
[EventRounds "9"]
[EventCountry "ENG"]
[SourceTitle "BritBase"]
[Source "John Saunders"]
[SourceDate "2024.05.09"]
[SourceVersion "1"]
[SourceVersionDate "2024.05.09"]
[SourceQuality "1"]

1. d4 Nf6 2. c4 e6 3. Nf3 d5 4. g3 Bb4+ 5. Bd2 a5 6. Qc2 O-O 7. Bg2 c5 8. cxd5
cxd4 9. Nxd4 Qb6 10. e3 exd5 11. O-O Nc6 12. Nxc6 bxc6 13. Rc1 Bxd2 1/2-1/2

[Event "Southend Masters"]
[Site "Southend"]
[Date "2024.03.30"]
[Round "6.9"]
[White "Jackson, James P"]
[Black "Abhyuday, Santhosh"]
[Result "1-0"]
[WhiteElo "2371"]
[BlackElo "2150"]
[PlyCount "59"]
[EventDate "2024.03.28"]
[EventType "swiss"]
[EventRounds "9"]
[EventCountry "ENG"]
[SourceTitle "BritBase"]
[Source "John Saunders"]
[SourceDate "2024.05.09"]
[SourceVersion "1"]
[SourceVersionDate "2024.05.09"]
[SourceQuality "1"]

1. c4 Nf6 2. Nc3 g6 3. e4 d6 4. d4 Bg7 5. Nf3 O-O 6. Be2 e5 7. d5 a5 8. h3 Na6
9. g4 Nc5 10. Qc2 h5 11. g5 Nfd7 12. Be3 a4 13. O-O-O Qe7 14. Rhg1 a3 15. b3
Na6 16. Qd2 Ndc5 17. Rg3 Bd7 18. Nh4 Rfd8 19. Bxh5 gxh5 20. Qe2 Kf8 21. Qxh5
Ke8 22. Rf3 Rdb8 23. Qh7 Bf8 24. Qh8 Nb4 25. Bxc5 dxc5 26. g6 f5 27. Nxf5 Qg5+
28. Ne3 Ke7 29. h4 Qxg6 30. Qxe5+ 1-0

[Event "Southend Masters"]
[Site "Southend"]
[Date "2024.03.30"]
[Round "6.10"]
[White "Browning, Alex"]
[Black "Villiers, Thomas"]
[Result "1-0"]
[WhiteElo "2313"]
[BlackElo "2225"]
[PlyCount "137"]
[EventDate "2024.03.28"]
[EventType "swiss"]
[EventRounds "9"]
[EventCountry "ENG"]
[SourceTitle "BritBase"]
[Source "John Saunders"]
[SourceDate "2024.05.09"]
[SourceVersion "1"]
[SourceVersionDate "2024.05.09"]
[SourceQuality "1"]

1. e4 c5 2. Nf3 Nc6 3. c3 Nf6 4. e5 Nd5 5. d4 cxd4 6. cxd4 d6 7. Bc4 dxe5 8.
dxe5 Nb6 9. Qxd8+ Nxd8 10. Be2 Bg4 11. h3 Bh5 12. Bb5+ Nd7 13. Nc3 Bxf3 14.
gxf3 e6 15. f4 Nc6 16. Be3 O-O-O 17. Ke2 Nb6 18. Rhc1 Kb8 19. Bxc6 bxc6 20. Ne4
Kb7 21. Rc3 Nd5 22. Rb3+ Ka8 23. Rc1 Rc8 24. Rc4 Rc7 25. Kf3 Be7 26. Bc5 f5 27.
exf6 Bxf6 28. Bd6 Rcc8 29. Ra4 Rhd8 30. Rba3 Rd7 31. Nxf6 Nxf6 32. Bc5 Rcc7 33.
Re3 Rd5 34. Ba3 c5 35. Rxe6 Rf5 36. Re5 g6 37. Rc4 Nd7 38. Rxf5 gxf5 39. b4 Kb7
40. bxc5 Kc6 41. Rc1 Kb5 42. Rd1 Kc4 43. c6 Nb6 44. Rc1+ Kd4 45. Bd6 Rc8 46.
Be5+ Kd5 47. c7 Nc4 48. Kg3 Nxe5 49. fxe5 Kxe5 50. Kf3 a5 51. a4 Kd6 52. Kf4
Kd7 53. h4 Ke6 54. h5 Kd7 55. h6 Ke6 56. f3 Kd7 57. Kxf5 Rf8+ 58. Ke5 Kc8 59.
f4 Re8+ 60. Kf6 Re4 61. f5 Rxa4 62. Kg7 Rf4 63. f6 Rg4+ 64. Kxh7 a4 65. Rf1
Kxc7 66. f7 a3 67. f8=Q Kc6 68. Qc8+ Kd5 69. Qxg4 1-0

[Event "Southend Masters"]
[Site "Southend"]
[Date "2024.03.30"]
[Round "6.11"]
[White "Kawulok, Marek"]
[Black "Gallagher, Daniel GH"]
[Result "0-1"]
[WhiteElo "2245"]
[BlackElo "2219"]
[PlyCount "58"]
[EventDate "2024.03.28"]
[EventType "swiss"]
[EventRounds "9"]
[EventCountry "ENG"]
[SourceTitle "BritBase"]
[Source "John Saunders"]
[SourceDate "2024.05.09"]
[SourceVersion "1"]
[SourceVersionDate "2024.05.09"]
[SourceQuality "1"]

1. d4 Nf6 2. c4 g6 3. Nc3 Bg7 4. e4 d6 5. h3 O-O 6. Be3 Nc6 7. Nge2 a6 8. f3
Rb8 9. Qd2 b5 10. cxb5 axb5 11. d5 Ne5 12. Nd4 b4 13. Ncb5 e6 14. Qc2 exd5 15.
f4 Nxe4 16. fxe5 Bd7 17. Nxc7 dxe5 18. Nf3 Ng3 19. Rg1 Rc8 20. Bb6 e4 21. Nd2
Qf6 22. Qc5 e3 23. Qxe3 Rfe8 24. Nxe8 Rxe8 25. Qxe8+ Bxe8 26. Bf2 Qe5+ 27. Kd1
Qxb2 28. Rc1 Ba4+ 29. Nb3 Qxf2 0-1

[Event "Southend Masters"]
[Site "Southend"]
[Date "2024.03.30"]
[Round "6.12"]
[White "Haydon, David L"]
[Black "Badacsonyi, Stanley"]
[Result "1-0"]
[WhiteElo "2241"]
[BlackElo "2196"]
[PlyCount "69"]
[EventDate "2024.03.28"]
[EventType "swiss"]
[EventRounds "9"]
[EventCountry "ENG"]
[SourceTitle "BritBase"]
[Source "John Saunders"]
[SourceDate "2024.05.09"]
[SourceVersion "1"]
[SourceVersionDate "2024.05.09"]
[SourceQuality "1"]

1. d4 Nf6 2. Nc3 d5 3. Bf4 a6 4. e3 e6 5. g4 Bb4 6. f3 Nfd7 7. Nge2 c5 8. a3
Bxc3+ 9. Nxc3 cxd4 10. exd4 Nc6 11. Qd2 b5 12. O-O-O Qa5 13. Na2 Qxd2+ 14. Rxd2
Ke7 15. Nb4 Na7 16. Bc7 Bb7 17. Bd3 Nc8 18. b3 a5 19. Na2 Bc6 20. Kb2 Ra7 21.
Bg3 Rb7 22. Bh4+ f6 23. Re1 Kf7 24. Bg3 Ndb6 25. Kc1 Re8 26. h4 g6 27. h5 Nd7
28. hxg6+ hxg6 29. Rh2 Nf8 30. Rh8 Ne7 31. Reh1 Bd7 32. Bd6 Nc6 33. Bxf8 Rxf8
34. R1h7+ Ke8 35. Bxg6+ 1-0

[Event "Southend Masters"]
[Site "Southend"]
[Date "2024.03.30"]
[Round "6.13"]
[White "Ribeiro, Rodrigo"]
[Black "Bezuidenhout, Roland"]
[Result "0-1"]
[WhiteElo "2271"]
[BlackElo "2273"]
[PlyCount "96"]
[EventDate "2024.03.28"]
[EventType "swiss"]
[EventRounds "9"]
[EventCountry "ENG"]
[SourceTitle "BritBase"]
[Source "John Saunders"]
[SourceDate "2024.05.09"]
[SourceVersion "1"]
[SourceVersionDate "2024.05.09"]
[SourceQuality "1"]

1. d4 Nf6 2. c4 d6 3. Nc3 Nbd7 4. e4 e5 5. d5 Be7 6. Bd3 O-O 7. Nge2 c6 8. O-O
Re8 9. Ng3 Bf8 10. Be3 g6 11. b4 c5 12. a3 b6 13. f3 Bg7 14. Bc2 Rf8 15. Ba4 a6
16. Qb3 Ne8 17. Bc6 Ra7 18. a4 f5 19. Bf2 a5 20. bxa5 bxa5 21. Rfb1 Bh6 22. Ra2
Nc7 23. Rab2 Kh8 24. Qc2 Bf4 25. exf5 Bxg3 26. Bxg3 gxf5 27. f4 e4 28. Be1 h6
29. Nb5 Nxb5 30. Rxb5 Kh7 31. Qc3 Nf6 32. Rxa5 Rg7 33. Bh4 Qe7 34. Re1 Rg6 35.
Bxf6 Rgxf6 36. Rb5 Rg8 37. Rb2 Rfg6 38. Qh3 Qg7 39. Rc2 Rg4 40. Rf1 Qd4+ 41.
Kh1 Rxf4 42. Rg1 Rf2 43. Rxf2 Qxf2 44. g3 f4 45. Qg2 Qe3 46. Qc2 Bg4 47. h3
Bf3+ 48. Kh2 fxg3+ 0-1

[Event "Southend Masters"]
[Site "Southend"]
[Date "2024.03.30"]
[Round "6.14"]
[White "Ribeiro, Gustavo"]
[Black "Jones, Steven A"]
[Result "1/2-1/2"]
[WhiteElo "2220"]
[BlackElo "2217"]
[PlyCount "139"]
[EventDate "2024.03.28"]
[EventType "swiss"]
[EventRounds "9"]
[EventCountry "ENG"]
[SourceTitle "BritBase"]
[Source "John Saunders"]
[SourceDate "2024.05.09"]
[SourceVersion "1"]
[SourceVersionDate "2024.05.09"]
[SourceQuality "1"]

1. e4 c5 2. Nf3 Nc6 3. Bb5 Nf6 4. Bxc6 dxc6 5. d3 Qc7 6. O-O e5 7. h3 h6 8.
Nbd2 Be6 9. Re1 g5 10. Nc4 Nd7 11. Bd2 f6 12. Ne3 O-O-O 13. c4 Be7 14. Nf5 Nf8
15. Be3 Bxc4 16. Rc1 Bxd3 17. Nxe7+ Qxe7 18. Bxc5 Qc7 19. Qa4 Ne6 20. Qxa7 Nxc5
21. Qxc5 Kb8 22. Rc3 h5 23. Qe3 Ba6 24. Nd2 Rd4 25. Nb3 Rhd8 26. Nc5 Bc4 27.
Rxc4 Rxc4 28. Na6+ bxa6 29. Qb3+ Ka7 30. Qxc4 c5 31. Rc1 Rd4 32. Qxc5+ Qxc5 33.
Rxc5 Rxe4 34. Rc6 Re1+ 35. Kh2 f5 36. Rf6 f4 37. Rf5 g4 38. Rxh5 gxh3 39. Kxh3
Kb6 40. Kg4 Kc5 41. Kf3 Kd5 42. Rh6 Rb1 43. b3 Rc1 44. Rxa6 Rc3+ 45. Ke2 Rc2+
46. Kf3 Rc3+ 47. Kg4 Rc2 48. Ra5+ Kd4 49. Ra4+ Kd5 50. Kf3 Rc3+ 51. Ke2 Rc2+
52. Ke1 Rc1+ 53. Kd2 Rg1 54. g3 fxg3 55. fxg3 Rg2+ 56. Kc3 Rxg3+ 57. Kb4 Rg4+
58. Kb5 e4 59. Ra8 e3 60. Rd8+ Ke4 61. Kc4 Rg2 62. Re8+ Kf3 63. a4 Ra2 64. Kb5
e2 65. Ka5 Ra3 66. Rf8+ Kg3 67. Rg8+ Kf2 68. Rf8+ Kg3 69. Re8 Kf2 70. Rf8+
1/2-1/2

[Event "Southend Masters"]
[Site "Southend"]
[Date "2024.03.31"]
[Round "7.1"]
[White "Royal, Shreyas"]
[Black "Gumularz, Szymon"]
[Result "1/2-1/2"]
[WhiteElo "2457"]
[BlackElo "2590"]
[PlyCount "35"]
[EventDate "2024.03.28"]
[EventType "swiss"]
[EventRounds "9"]
[EventCountry "ENG"]
[SourceTitle "BritBase"]
[Source "John Saunders"]
[SourceDate "2024.05.09"]
[SourceVersion "1"]
[SourceVersionDate "2024.05.09"]
[SourceQuality "1"]

1. d4 Nf6 2. c4 e6 3. Nf3 d5 4. Nc3 Nbd7 5. Bf4 c6 6. e3 Be7 7. h3 O-O 8. cxd5
Nxd5 9. Bg3 c5 10. Bd3 cxd4 11. exd4 N7f6 12. O-O b6 13. Rc1 Bb7 14. Qe2 Rc8
15. Ba6 Nxc3 16. bxc3 Bxa6 17. Qxa6 Ne4 18. Qxa7 1/2-1/2

[Event "Southend Masters"]
[Site "Southend"]
[Date "2024.03.31"]
[Round "7.2"]
[White "Hollan, Martin"]
[Black "Fernandez, Daniel Howard"]
[Result "0-1"]
[WhiteElo "2347"]
[BlackElo "2532"]
[PlyCount "112"]
[EventDate "2024.03.28"]
[EventType "swiss"]
[EventRounds "9"]
[EventCountry "ENG"]
[SourceTitle "BritBase"]
[Source "John Saunders"]
[SourceDate "2024.05.09"]
[SourceVersion "1"]
[SourceVersionDate "2024.05.09"]
[SourceQuality "1"]

1. e4 a6 2. d4 b5 3. a4 Bb7 4. axb5 Bxe4 5. Nf3 e6 6. bxa6 Bb7 7. Be2 Nxa6 8.
O-O Nf6 9. c3 c5 10. Bg5 Be7 11. Nbd2 cxd4 12. Nxd4 Nc5 13. Bf3 Rxa1 14. Qxa1
Bxf3 15. N2xf3 O-O 16. c4 Qb6 17. Nb5 Nce4 18. Be3 Bc5 19. Bxc5 Qxc5 20. b3 d5
21. Qa3 Qxa3 22. Nxa3 Ra8 23. Nc2 dxc4 24. bxc4 Nd7 25. Ra1 Rxa1+ 26. Nxa1 Nb6
27. Kf1 Nxc4 28. Ke2 f6 29. Nc2 Kf7 30. Nfd4 e5 31. Nb5 h5 32. f3 Ned6 33. Nc3
Ke6 34. Nb4 Nb6 35. Nd3 Kf5 36. Nc5 g5 37. Kf2 g4 38. Kg3 Ndc4 39. Kf2 Kg6 40.
Ke2 Nd6 41. Kf2 Nf5 42. f4 h4 43. fxe5 fxe5 44. N3e4 Nc4 45. h3 g3+ 46. Kg1
Nfe3 47. Nc3 Kf5 48. N3e4 Nc2 49. Nc3 Nd4 50. N3e4 Ne2+ 51. Kf1 Nf4 52. Kg1 Ne3
53. Nd6+ Kf6 54. Nde4+ Kg6 55. Nd6 Ne2+ 56. Kh1 Nd1 0-1

[Event "Southend Masters"]
[Site "Southend"]
[Date "2024.03.31"]
[Round "7.5"]
[White "Cherniaev, Alexander"]
[Black "Gomez Aguirre, Juan Alberto"]
[Result "1/2-1/2"]
[WhiteElo "2375"]
[BlackElo "2196"]
[PlyCount "142"]
[EventDate "2024.03.28"]
[EventType "swiss"]
[EventRounds "9"]
[EventCountry "ENG"]
[SourceTitle "BritBase"]
[Source "John Saunders"]
[SourceDate "2024.05.09"]
[SourceVersion "1"]
[SourceVersionDate "2024.05.09"]
[SourceQuality "1"]

1. e4 e5 2. Nf3 Nc6 3. Bb5 a6 4. Ba4 d6 5. c3 Bd7 6. d4 g6 7. Bb3 h6 8. dxe5
dxe5 9. Bc2 Nf6 10. b3 Bc5 11. b4 Ba7 12. a4 g5 13. Na3 g4 14. Nd2 Ne7 15. Ndc4
Ng6 16. g3 Qe7 17. Qe2 Nh7 18. Bxh6 Ng5 19. Bxg5 Qxg5 20. Ne3 Bxe3 21. fxe3 Qe7
22. Nc4 Nf8 23. O-O-O b5 24. Na5 c5 25. Nb7 cxb4 26. Nd6+ Kd8 27. Bb3 Ne6 28.
cxb4 Nd4 29. Nb7+ Kc7 30. exd4 Kxb7 31. Bd5+ Bc6 32. Bxc6+ Kxc6 33. d5+ Kb7 34.
d6 Rac8+ 35. Kb2 Qd7 36. axb5 axb5 37. Rc1 Rh6 38. Rc5 Rxd6 39. Rxb5+ Rb6 40.
Rxb6+ Kxb6 41. Rd1 Qc6 42. Qe3+ Kb7 43. Qd3 Qc4 44. Qxc4 Rxc4 45. Kb3 Rxe4 46.
Rd7+ Kb6 47. Rxf7 Re2 48. Rg7 Rxh2 49. Rxg4 Kc6 50. Kc4 Rc2+ 51. Kd3 Rb2 52.
Rc4+ Kb5 53. Kc3 Re2 54. Rc5+ Kb6 55. Kb3 Rg2 56. Rc3 Kb5 57. Re3 Kc6 58. Kc4
Rc2+ 59. Rc3 Rd2 60. b5+ Kb6 61. Rd3 Rc2+ 62. Kd5 Rc5+ 63. Ke4 Rxb5 64. g4 Rb4+
65. Kf5 Rf4+ 66. Kg5 Kc5 67. Kh5 e4 68. Rd8 e3 69. Re8 Kd4 70. g5 Rf1 71. g6
Rg1 1/2-1/2

[Event "Southend Masters"]
[Site "Southend"]
[Date "2024.03.31"]
[Round "7.6"]
[White "Kalavannan, Koby"]
[Black "Pert, Richard G"]
[Result "1/2-1/2"]
[WhiteElo "2324"]
[BlackElo "2411"]
[PlyCount "102"]
[EventDate "2024.03.28"]
[EventType "swiss"]
[EventRounds "9"]
[EventCountry "ENG"]
[SourceTitle "BritBase"]
[Source "John Saunders"]
[SourceDate "2024.05.09"]
[SourceVersion "1"]
[SourceVersionDate "2024.05.09"]
[SourceQuality "1"]

1. d4 d5 2. Nf3 Nf6 3. g3 g6 4. Bg2 Bg7 5. O-O O-O 6. a4 c6 7. a5 Bf5 8. h3 Na6
9. g4 Be6 10. Bf4 h5 11. Ng5 Bc8 12. Ra3 hxg4 13. hxg4 Bxg4 14. Be5 Nc7 15. Rg3
Ne6 16. Bxf6 exf6 17. Nxf7 Kxf7 18. Rxg4 f5 19. Rg3 Bxd4 20. c4 dxc4 21. Qa4
Rh8 22. Rd1 Qe7 23. Qxc4 Rad8 24. Rgd3 Qc5 25. Qxc5 Bxc5 26. Rd7+ Kf6 27. Nc3
Bb4 28. a6 bxa6 29. Bxc6 Bxc3 30. bxc3 Rxd7 31. Rxd7 Rc8 32. Bd5 Nf4 33. c4
Nxe2+ 34. Kf1 Nf4 35. Rxa7 Nxd5 36. Rxa6+ Ke5 37. cxd5 g5 38. Rg6 g4 39. d6 Rd8
40. Kg2 Rxd6 41. Rxd6 Kxd6 42. f3 gxf3+ 43. Kxf3 Ke5 44. Ke3 f4+ 45. Kf3 Kf5
46. Kf2 Ke4 47. Ke2 f3+ 48. Kf2 Kf4 49. Kf1 Ke3 50. Ke1 f2+ 51. Kf1 Kf3 1/2-1/2

[Event "Southend Masters"]
[Site "Southend"]
[Date "2024.03.31"]
[Round "7.7"]
[White "Agdelen, Huseyin Can"]
[Black "Browning, Alex"]
[Result "1-0"]
[WhiteElo "2408"]
[BlackElo "2313"]
[PlyCount "121"]
[EventDate "2024.03.28"]
[EventType "swiss"]
[EventRounds "9"]
[EventCountry "ENG"]
[SourceTitle "BritBase"]
[Source "John Saunders"]
[SourceDate "2024.05.09"]
[SourceVersion "1"]
[SourceVersionDate "2024.05.09"]
[SourceQuality "1"]

1. e4 c5 2. Nc3 a6 3. Nf3 d6 4. g3 Nf6 5. Bg2 Nc6 6. d4 cxd4 7. Nxd4 Nxd4 8.
Qxd4 e5 9. Qd3 h6 10. b3 Be7 11. Bb2 O-O 12. O-O-O Qa5 13. Kb1 b5 14. f4 Bb7
15. Nd5 Nxd5 16. exd5 exf4 17. gxf4 Qd8 18. Rhg1 Bf6 19. Bd4 Bxd4 20. Qxd4 Qf6
21. Qxf6 gxf6 22. Rd3 Bc8 23. Be4+ Kh8 24. Rdg3 Bd7 25. Rg7 f5 26. Bd3 Rae8 27.
R7g3 Rc8 28. Kb2 a5 29. Rh3 Kh7 30. Rg5 Rg8 31. Rxf5 Bxf5 32. Bxf5+ Kg7 33.
Bxc8 Rxc8 34. Rc3 Re8 35. Rc6 Re4 36. Rxd6 Rxf4 37. Rb6 b4 38. Rb5 Rd4 39. Rxa5
f5 40. a3 bxa3+ 41. Kc3 Rd1 42. Rxa3 Rxd5 43. Ra1 Kf6 44. b4 f4 45. Ra6+ Kg7
46. Ra5 Rd1 47. Rf5 Rf1 48. Kd3 Kg6 49. Ke2 Rh1 50. Rxf4 Rxh2+ 51. Kd3 Rh1 52.
b5 Rb1 53. c4 Kg5 54. Rf8 h5 55. Kd4 h4 56. Kc5 Re1 57. b6 Re7 58. Rh8 Kg4 59.
Kd6 Rg7 60. Kc6 Rg6+ 61. Kb5 1-0

[Event "Southend Masters"]
[Site "Southend"]
[Date "2024.03.31"]
[Round "7.8"]
[White "Badacsonyi, Frankie"]
[Black "Kirk, Ezra"]
[Result "0-1"]
[WhiteElo "2160"]
[BlackElo "2407"]
[PlyCount "108"]
[EventDate "2024.03.28"]
[EventType "swiss"]
[EventRounds "9"]
[EventCountry "ENG"]
[SourceTitle "BritBase"]
[Source "John Saunders"]
[SourceDate "2024.05.09"]
[SourceVersion "1"]
[SourceVersionDate "2024.05.09"]
[SourceQuality "1"]

1. d4 e6 2. c4 Nf6 3. Nf3 b6 4. g3 Bb4+ 5. Bd2 Bxd2+ 6. Qxd2 Ba6 7. b3 c6 8.
Bg2 d5 9. cxd5 exd5 10. Qe3+ Qe7 11. Qxe7+ Kxe7 12. Nc3 Nbd7 13. O-O Rac8 14.
Rfd1 Nf8 15. Rac1 Ne6 16. e3 Rhd8 17. Ne5 Bb7 18. b4 Nd7 19. Nd3 Nf6 20. Ne5 h5
21. Rd2 Ng4 22. Nd3 Nf6 23. Ne5 Nd7 24. Nd3 g5 25. Rdc2 b5 26. a4 Nb6 27. Nc5
Nxc5 28. bxc5 Nxa4 29. Nxa4 bxa4 30. Ra2 Rc7 31. Rxa4 Bc8 32. Rca1 Rdd7 33. Bf3
g4 34. Be2 Kf6 35. Bd3 Re7 36. Rb1 Rb7 37. Rba1 Rb3 38. Be2 Bf5 39. Ra6 Rc7 40.
Bd1 Rb4 41. Ba4 Bd7 42. Bc2 Rbb7 43. Kf1 Bf5 44. Bxf5 Kxf5 45. R1a2 Ke4 46. Ke2
f6 47. R6a3 Rb1 48. Ra6 f5 49. Rc2 h4 50. gxh4 Rh1 51. Rca2 Rxh2 52. Rxa7 g3
53. Rxc7 Rxf2+ 54. Ke1 Rxa2 0-1

[Event "Southend Masters"]
[Site "Southend"]
[Date "2024.03.31"]
[Round "7.9"]
[White "Gallagher, Daniel GH"]
[Black "Jackson, James P"]
[Result "1-0"]
[WhiteElo "2219"]
[BlackElo "2371"]
[PlyCount "107"]
[EventDate "2024.03.28"]
[EventType "swiss"]
[EventRounds "9"]
[EventCountry "ENG"]
[SourceTitle "BritBase"]
[Source "John Saunders"]
[SourceDate "2024.05.09"]
[SourceVersion "1"]
[SourceVersionDate "2024.05.09"]
[SourceQuality "1"]

1. Nf3 Nf6 2. c4 g6 3. Nc3 Bg7 4. e4 d6 5. d4 O-O 6. Be2 Nbd7 7. O-O e5 8. Be3
Qe7 9. Qc2 c6 10. d5 Ng4 11. Bg5 f6 12. Bd2 Nh6 13. b4 f5 14. Ng5 Nf6 15. dxc6
bxc6 16. b5 c5 17. Nd5 Qd8 18. Bd3 f4 19. Nf3 g5 20. Ne1 Nxd5 21. cxd5 g4 22.
a4 Rf6 23. Ra3 Nf7 24. Bc4 Rh6 25. g3 Rh3 26. Bc1 f3 27. Nxf3 gxf3 28. Rxf3 Nh6
29. Rb3 Qe8 30. f3 Qg6 31. a5 Nf7 32. b6 axb6 33. axb6 Nd8 34. Bb5 Nb7 35. Bc6
Rb8 36. Qa2 Bh6 37. Qa7 Rxg3+ 38. Kh1 Bh3 39. Qxb8+ Bf8 40. hxg3 Bxf1 41. g4
Na5 42. Ra3 h5 43. Rxa5 Qf7 44. f4 Qg6 45. Kg1 Bh3 46. Ra8 Qxg4+ 47. Kf2 Qg2+
48. Ke3 exf4+ 49. Kd3 Qf3+ 50. Kc2 Qxe4+ 51. Kb2 Qe2+ 52. Ka1 Qe5+ 53. Bb2 Qe1+
54. Ka2 1-0

[Event "Southend Masters"]
[Site "Southend"]
[Date "2024.03.31"]
[Round "7.10"]
[White "Lalic, Bogdan"]
[Black "Haydon, David L"]
[Result "1/2-1/2"]
[WhiteElo "2354"]
[BlackElo "2241"]
[PlyCount "27"]
[EventDate "2024.03.28"]
[EventType "swiss"]
[EventRounds "9"]
[EventCountry "ENG"]
[SourceTitle "BritBase"]
[Source "John Saunders"]
[SourceDate "2024.05.09"]
[SourceVersion "1"]
[SourceVersionDate "2024.05.09"]
[SourceQuality "1"]

1. Nf3 Nf6 2. c4 e6 3. Nc3 d5 4. d4 Be7 5. Bf4 O-O 6. e3 c5 7. dxc5 Bxc5 8.
cxd5 Nxd5 9. Nxd5 exd5 10. Bd3 Bb4+ 11. Nd2 Nc6 12. O-O Bd6 13. Bxd6 Qxd6 14.
Rc1 1/2-1/2